Simpsons Episodes (Season 3) - Statistics

General Stats
  • This quiz has been taken 5 times
  • The average score is 20 of 24
Answer Stats
Picture Answer % Correct
Bart's Friend Falls in Love
100%
Black Widower
100%
Colonel Homer
100%
Dog of Death
100%
Flaming Moe's
100%
Homer at the Bat
100%
Lisa's Pony
100%
Lisa the Greek
100%
Mr. Lisa Goes to Washington
100%
Radio Bart
100%
When Flanders Failed
100%
Bart the Lover
75%
Bart the Murderer
75%
Brother, Can You Spare Two Dimes?
75%
Homer Alone
75%
Homer Defined
75%
Saturdays of Thunder
75%
Stark Raving Dad
75%
The Otto Show
75%
Treehouse of Horror II
75%
Burns Verkaufen der Kraftwerk
50%
I Married Marge
50%
Like Father, Like Clown
50%
Separate Vocations
50%
No matching quizzes found
Score Distribution
Percent of People with Each Score
Percentile by Number Answered
Your Score History
You have not taken this quiz